000 00677nam a2200217 i 4500
003 DO-SdBNP
005 20231027144027.0
006 a||||gr|||| 00| 0
007 ta
008 231027b200? dr a|||| |||| 00| 0 spa d
040 _aDO-SdBNP
_bspa
_cBNPHU
_erda
082 4 _222
_bH145m
245 0 0 _aHago mi parte porque Santo Domingo soy Yo:
_bcómo sser un buen ciudadano y amar la ciudad. /
264 _aSanto Domingo :
_bADN,
_c[200?]
300 _a[6] hojas plegables :
_bIlustraciones ;
_c21 cm.
336 _2rdacontent
_atexto
_btxt
337 _2rdamedia
_asin mediación
_bn
338 _2rdacarrier
_avolumen
_bnc
590 _aInventariado 2023 / MF
942 _2ddc
_cLF2
999 _c55317
_d55317